[Event "Medellin U2000 op"]
[Site "Medellin"]
[Date "2019.10.??"]
[Round "3.7"]
[White "Paniagua, Fabio de Jesus"]
[Black "Nino, Juan Camilo"]
[Result "0-1"]
[WhiteElo "1699"]
[BlackElo "1963"]
[PlyCount "76"]
[EventDate "2019.10.19"]
[EventType "swiss"]
[EventRounds "7"]
[EventCountry "COL"]
[SourceTitle "EXT 2024"]
[Source "ChessBase"]
[SourceDate "2023.10.10"]
[SourceVersion "1"]
[SourceVersionDate "2023.10.10"]
[SourceQuality "1"]

1. e4 e6 2. d4 d5 3. Nd2 dxe4 4. Nxe4 Nd7 5. Nf3 Ngf6 6. Neg5 h6 7. Nh3 b6 8. Bc4 Bb7 9. 0-0 Bd6 10. Bf4 0-0 11. Re1 Nd5 12. Bxd6 cxd6 13. Qd2 Rc8 14. Bd3 Qf6 15. c4 Ne7 16. Qf4 Bxf3 17. gxf3 Nf5 18. Bxf5 exf5 19. b3 g5 20. Qg3 f4 21. Qg4 Rfd8 22. Rad1 Qg6 23. Kh1 Nf6 24. Qg2 Re8 25. Qf1 Qc2 26. Ra1 Qc3 27. Rxe8+ Rxe8 28. Qd1 Qb2 29. d5 Re2 30. Qg1 Qc3 31. Kg2 g4 32. fxg4 Nxg4 33. Rc1 Qd3 34. Rd1 Qe4+ 35. Kf1 Qf3 36. Qg2 Qxg2+ 37. Kxg2 Rxa2 38. Nxf4 Ne3+ 0-1

[Event "COL pre olympic sf1"]
[Site "Medellin"]
[Date "2016.03.24"]
[Round "4"]
[White "Nino, Juan Camilo"]
[Black "Pena, Alcides"]
[Result "1-0"]
[WhiteElo "2069"]
[BlackElo "1826"]
[PlyCount "51"]
[EventDate "2016.03.22"]
[EventType "swiss"]
[EventRounds "9"]
[EventCountry "COL"]
[SourceTitle "CBM 171 Extra"]
[Source "ChessBase"]
[SourceDate "2016.04.26"]
[SourceVersion "1"]
[SourceVersionDate "2016.04.26"]
[SourceQuality "1"]

1. e4 c5 2. Nc3 Nc6 3. g3 g6 4. Bg2 Bg7 5. f4 d6 6. Nf3 e6 7. 0-0 Nge7 8. d3 0-0 9. Ne2 Nd4 10. c3 Nxf3+ 11. Rxf3 Nc6 12. Be3 Qe7 13. d4 cxd4 14. cxd4 d5 15. e5 Bd7 16. g4 Rfc8 17. a3 Rc7 18. f5 exf5 19. Nf4 Be6 20. gxf5 gxf5 21. Rg3 Kf8 22. Nh5 Bxe5 23. dxe5 Nxe5 24. Bh6+ Ke8 25. Rg8+ Kd7 26. Rxa8 1-0

[Event "COL-ch U26"]
[Site "Cali"]
[Date "2014.10.21"]
[Round "5"]
[White "Nino, Juan Camilo"]
[Black "Rodriguez, German Enrique"]
[Result "1-0"]
[WhiteElo "2075"]
[BlackElo "2028"]
[PlyCount "33"]
[EventDate "2014.10.19"]
[EventType "swiss"]
[EventRounds "6"]
[EventCountry "COL"]
[SourceTitle "EXT 2015"]
[Source "ChessBase"]
[SourceDate "2014.11.20"]
[SourceVersion "1"]
[SourceVersionDate "2014.11.20"]
[SourceQuality "1"]

1. e4 a6 2. d4 c5 3. dxc5 e6 4. Be3 Qc7 5. Nc3 Bxc5 6. Bxc5 Qxc5 7. Qg4 Ne7 8. Qxg7 Rg8 9. Qf6 Nbc6 10. Nf3 b5 11. e5 Ng6 12. 0-0-0 Ncxe5 13. Ne4 Qe7 14. Nxe5 d5 15. Nd6+ Kf8 16. Qxf7+ Qxf7 17. Ndxf7 1-0

[Event "COL-ch U26"]
[Site "Cali"]
[Date "2014.10.20"]
[Round "4"]
[White "Ospina, Carl Erik"]
[Black "Nino, Juan Camilo"]
[Result "1/2-1/2"]
[WhiteElo "1933"]
[BlackElo "2075"]
[PlyCount "78"]
[EventDate "2014.10.19"]
[EventType "swiss"]
[EventRounds "6"]
[EventCountry "COL"]
[SourceTitle "EXT 2015"]
[Source "ChessBase"]
[SourceDate "2014.11.20"]
[SourceVersion "1"]
[SourceVersionDate "2014.11.20"]
[SourceQuality "1"]

1. e4 e6 2. d4 d5 3. Nd2 dxe4 4. Nxe4 Bd7 5. Nf3 Bc6 6. Bd3 Nd7 7. 0-0 Ngf6 8. Qe2 Be7 9. c4 0-0 10. Rd1 Bxe4 11. Bxe4 Nxe4 12. Qxe4 c6 13. b3 Bf6 14. Ba3 Re8 15. Ne5 Qc7 16. f4 Rad8 17. Bb4 Bxe5 18. fxe5 c5 19. Bc3 cxd4 20. Bxd4 Nc5 21. Qe3 b6 22. Rac1 h6 23. Rf1 Nd7 24. h4 Nb8 25. Rf4 Nc6 26. Ba1 Ne7 27. Rcf1 Nf5 28. Qf3 Qc5+ 29. Qf2 Rd2 30. Qxc5 bxc5 31. R1f2 Rd3 32. Kh2 h5 33. Bb2 Ne3 34. Re2 Ng4+ 35. Kg1 Red8 36. Rf1 Rd1 37. Rfe1 R8d2 38. Kf1 Ne3+ 39. Kf2 Ng4+ 1/2-1/2

[Event "Medellin Navideno op"]
[Site "Medellin"]
[Date "2013.12.21"]
[Round "7"]
[White "Nino, Juan Camilo"]
[Black "Barros, Raul Junior"]
[Result "1-0"]
[WhiteElo "2082"]
[BlackElo "2160"]
[PlyCount "55"]
[EventDate "2013.12.18"]
[EventType "swiss"]
[EventRounds "9"]
[EventCountry "COL"]
[SourceTitle "CBM 158 Extra"]
[Source "ChessBase"]
[SourceDate "2014.02.28"]
[SourceVersion "1"]
[SourceVersionDate "2014.02.28"]
[SourceQuality "1"]

1. e4 c5 2. Nc3 d6 3. g3 Nc6 4. Bg2 g6 5. d3 Bg7 6. f4 e5 7. Nf3 Nge7 8. 0-0 0-0 9. Be3 b6 10. Rb1 h6 11. Qd2 Kh7 12. f5 gxf5 13. Nh4 fxe4 14. dxe4 Ba6 15. Rf2 Nd4 16. Nd5 Nxd5 17. exd5 f5 18. Bxd4 cxd4 19. Nxf5 Bc8 20. Be4 Bxf5 21. Bxf5+ Kh8 22. Rbf1 Qe7 23. Qe2 Rf7 24. Qh5 Raf8 25. Qg6 Rxf5 26. Rxf5 Rxf5 27. Rxf5 e4 28. Qe6 1-0

[Event "Medellin Navideno op"]
[Site "Medellin"]
[Date "2013.12.19"]
[Round "2"]
[White "Pena, Alcides"]
[Black "Nino, Juan Camilo"]
[Result "0-1"]
[WhiteElo "1865"]
[BlackElo "2082"]
[PlyCount "66"]
[EventDate "2013.12.18"]
[EventType "swiss"]
[EventRounds "9"]
[EventCountry "COL"]
[SourceTitle "CBM 158 Extra"]
[Source "ChessBase"]
[SourceDate "2014.02.28"]
[SourceVersion "1"]
[SourceVersionDate "2014.02.28"]
[SourceQuality "1"]

1. d4 e6 2. c4 Nf6 3. Nc3 Bb4 4. Bd2 d5 5. cxd5 exd5 6. a3 Be7 7. Bg5 0-0 8. Nf3 c6 9. e3 Bf5 10. Bd3 Bxd3 11. Qxd3 Ne4 12. Bxe7 Qxe7 13. 0-0 Nd7 14. b4 Rac8 15. Rfc1 Nb6 16. Nd2 f5 17. Nb3 Qh4 18. Rc2 Rf6 19. Nxe4 fxe4 20. Qe2 Rh6 21. h3 Rg6 22. Kh2 Rf8 23. g3 Qe7 24. b5 Nc4 25. bxc6 bxc6 26. Nc5 Rgf6 27. Qe1 h5 28. a4 Rf3 29. Re2 Qd6 30. Qg1 h4 31. Rc1 Rxf2+ 32. Rxf2 hxg3+ 33. Kh1 gxf2 0-1

[Event "Medellin Flores op 19th"]
[Site "Medellin"]
[Date "2013.08.05"]
[Round "4"]
[White "Nino, Juan Camilo"]
[Black "Zabala, Fidel"]
[Result "1-0"]
[WhiteElo "2093"]
[BlackElo "2003"]
[PlyCount "79"]
[EventDate "2013.08.03"]
[EventType "swiss"]
[EventRounds "9"]
[EventCountry "COL"]
[SourceTitle "CBM 155 Extra"]
[Source "ChessBase"]
[SourceDate "2013.08.26"]
[SourceVersion "1"]
[SourceVersionDate "2013.08.26"]
[SourceQuality "1"]

1. e4 c5 2. Nc3 a6 3. g3 g6 4. Bg2 Bg7 5. d3 e6 6. f4 d6 7. Nf3 Ne7 8. Be3 Nbc6 9. 0-0 0-0 10. Rb1 Rb8 11. Ne2 b5 12. g4 c4 13. f5 gxf5 14. gxf5 exf5 15. Nh4 fxe4 16. dxe4 Ne5 17. Nf5 Nxf5 18. exf5 Ng4 19. Bd4 Bxd4+ 20. Nxd4 Ne3 21. Qh5 Nxf1 22. Rxf1 Qf6 23. Rf4 Re8 24. Bd5 Bd7 25. Rh4 Re1+ 26. Kf2 Rbe8 27. Bxf7+ Kf8 28. Bxe8 Rxe8 29. Qxh7 Qg5 30. Qh6+ Qxh6 31. Rxh6 Ke7 32. Kg3 Rg8+ 33. Rg6 Rxg6+ 34. fxg6 Kf6 35. Kf4 Kxg6 36. Ke4 Kf6 37. Kd5 Ke7 38. Nc6+ Bxc6+ 39. Kxc6 Ke6 40. h4 1-0

[Event "Medellin Flores op 19th"]
[Site "Medellin"]
[Date "2013.08.04"]
[Round "3"]
[White "Herrera, Juan Sebastian"]
[Black "Nino, Juan Camilo"]
[Result "1-0"]
[WhiteElo "2244"]
[BlackElo "2093"]
[PlyCount "117"]
[EventDate "2013.08.03"]
[EventType "swiss"]
[EventRounds "9"]
[EventCountry "COL"]
[SourceTitle "CBM 155 Extra"]
[Source "ChessBase"]
[SourceDate "2013.08.26"]
[SourceVersion "1"]
[SourceVersionDate "2013.08.26"]
[SourceQuality "1"]

1. e4 e6 2. d4 d5 3. Nd2 c5 4. dxc5 Bxc5 5. exd5 Qxd5 6. Ngf3 Nf6 7. Bd3 b6 8. Qe2 Bb7 9. Bc4 Qh5 10. Nb3 Bd6 11. Nbd4 0-0 12. Nb5 Rd8 13. Nxd6 Rxd6 14. Bf4 Rd8 15. 0-0 Qg4 16. Bg3 Bxf3 17. Qxf3 Qxf3 18. gxf3 Nc6 19. c3 Rd2 20. b4 Nh5 21. Rfd1 Rad8 22. Bb3 Nxg3 23. hxg3 R2d3 24. Rxd3 Rxd3 25. Rd1 Rxd1+ 26. Bxd1 Kf8 27. Kf1 Ke7 28. Ke2 Kd6 29. f4 b5 30. a4 a6 31. axb5 axb5 32. Ke3 Ne7 33. Be2 Kc6 34. Kd4 f6 35. c4 Nf5+ 36. Kc3 bxc4 37. Bxc4 e5 38. Bd3 Ne7 39. fxe5 fxe5 40. Bxh7 Nd5+ 41. Kb3 Nf6 42. Bd3 e4 43. Be2 Kd5 44. Kc3 e3 45. Bf3+ Ke5 46. fxe3 g5 47. g4 Nd7 48. b5 Kd6 49. Kd4 Nb6 50. Bc6 Na4 51. e4 Nb6 52. e5+ Ke6 53. Ke4 Nc8 54. Bd5+ Kd7 55. Bb7 Ne7 56. b6 Ke6 57. Bc8+ Kf7 58. b7 Nc6 59. Kf5 1-0

[Event "Pan American-ch U20"]
[Site "Bogota"]
[Date "2013.07.10"]
[Round "1"]
[White "Cuellar, Diego"]
[Black "Nino, Juan Camilo"]
[Result "1-0"]
[WhiteElo "2350"]
[BlackElo "2093"]
[PlyCount "85"]
[EventDate "2013.07.10"]
[EventType "swiss"]
[EventRounds "9"]
[EventCountry "COL"]
[SourceTitle "CBM 155 Extra"]
[Source "ChessBase"]
[SourceDate "2013.08.26"]
[SourceVersion "1"]
[SourceVersionDate "2013.08.26"]
[SourceQuality "1"]

1. e4 e6 2. d4 d5 3. Nc3 Bb4 4. e5 c5 5. a3 Bxc3+ 6. bxc3 Ne7 7. h4 Bd7 8. h5 h6 9. Rh4 Nf5 10. Rf4 Nc6 11. g4 Nh4 12. Nf3 Nxf3+ 13. Qxf3 Qb6 14. Qe3 Rc8 15. Bd3 a5 16. Ra2 Qc7 17. Kf1 a4 18. Qg3 Qd8 19. Rb2 Na5 20. dxc5 Qc7 21. Be3 Qxe5 22. Bd4 Qg5 23. Rb1 Nc6 24. Rxb7 e5 25. Rxf7 Kxf7 26. Rxd7+ Ke8 27. Rxd5 Rd8 28. Bb5 Rxd5 29. Bxc6+ Rd7 30. Bxe5 Rf8 31. Bxd7+ Kxd7 32. Qd3+ Ke8 33. Qb5+ Kf7 34. Qc4+ Ke8 35. Qe6+ Kd8 36. c6 Qc1+ 37. Kg2 Rxf2+ 38. Kxf2 Qxc2+ 39. Ke3 Qc1+ 40. Kd4 Qd2+ 41. Kc5 Qe3+ 42. Kb5 Qe2+ 43. Ka5 1-0

[Event "COL-ch"]
[Site "Ibague"]
[Date "2013.07.03"]
[Round "4"]
[White "Nino, Juan Camilo"]
[Black "Valderrama Castano, Julian Camilo"]
[Result "1-0"]
[WhiteElo "2093"]
[BlackElo "1978"]
[PlyCount "67"]
[EventDate "2013.07.01"]
[EventType "swiss"]
[EventRounds "11"]
[EventCountry "COL"]
[SourceTitle "EXT 2014"]
[Source "ChessBase"]
[SourceDate "2013.11.20"]
[SourceVersion "1"]
[SourceVersionDate "2013.11.20"]
[SourceQuality "1"]

1. e4 e6 2. d4 d5 3. Nc3 Bb4 4. e5 c5 5. a3 Bxc3+ 6. bxc3 Qc7 7. Qg4 f6 8. Bb5+ Kf7 9. Nf3 h5 10. Qf4 c4 11. Ng5+ Kf8 12. a4 f5 13. a5 a6 14. Ba3+ Ne7 15. Ba4 Qxa5 16. Qh4 Qd8 17. g4 Ra7 18. gxf5 exf5 19. e6 b5 20. Bc5 Rb7 21. Nf7 Qe8 22. Nxh8 Bxe6 23. Bxb5 axb5 24. Kd2 Nbc6 25. Rhe1 Bc8 26. Ra8 Kg8 27. Ng6 Qxg6 28. Bxe7 Rb8 29. Rxb8 Nxb8 30. Bc5 Nc6 31. Qf4 Be6 32. Qd6 Bf7 33. Qxg6 Bxg6 34. Re6 1-0

[Event "COL-ch"]
[Site "Ibague"]
[Date "2013.07.02"]
[Round "2"]
[White "Nino, Juan Camilo"]
[Black "Huertas Botache, Alvaro Eduardo"]
[Result "1-0"]
[WhiteElo "2093"]
[BlackElo "1833"]
[PlyCount "59"]
[EventDate "2013.07.01"]
[EventType "swiss"]
[EventRounds "11"]
[EventCountry "COL"]
[SourceTitle "EXT 2014"]
[Source "ChessBase"]
[SourceDate "2013.11.20"]
[SourceVersion "1"]
[SourceVersionDate "2013.11.20"]
[SourceQuality "1"]

1. e4 e5 2. Nf3 Nc6 3. d4 exd4 4. Nxd4 Bc5 5. Be3 Bb6 6. c3 Nf6 7. Nd2 d6 8. Bd3 Bd7 9. 0-0 h6 10. Nc4 Ng4 11. Nxb6 Nxe3 12. Qe2 Nxf1 13. Nxa8 Nxh2 14. Nxc7+ Qxc7 15. Nb5 Qb8 16. Kxh2 Ne5 17. Kg1 a6 18. Nd4 Qd8 19. Bc4 0-0 20. Rd1 Bg4 21. f3 Bh5 22. Bd5 b5 23. Qe3 Qf6 24. Bb7 Nc4 25. Qc1 g5 26. b3 Ne5 27. Nf5 Rd8 28. Qe3 Kh7 29. Qb6 Ng6 30. g4 1-0

[Event "COL-ch U20"]
[Site "Florencia"]
[Date "2013.04.04"]
[Round "1"]
[White "Salamanca, Juan David"]
[Black "Nino, Juan Camilo"]
[Result "0-1"]
[WhiteElo "1471"]
[BlackElo "2073"]
[PlyCount "80"]
[EventDate "2013.04.04"]
[EventType "swiss"]
[EventRounds "7"]
[EventCountry "COL"]
[SourceTitle "CBM 153 Extra"]
[Source "ChessBase"]
[SourceDate "2013.04.22"]
[SourceVersion "1"]
[SourceVersionDate "2013.04.22"]
[SourceQuality "1"]

1. e4 e6 2. d4 d5 3. e5 b6 4. Nf3 Ba6 5. Bd3 Bxd3 6. Qxd3 c5 7. c3 Nc6 8. 0-0 Nge7 9. Be3 Nf5 10. Nbd2 Be7 11. Rfe1 Qd7 12. Rad1 Rc8 13. Nf1 cxd4 14. Bxd4 Bc5 15. Ne3 Nfe7 16. Rc1 Ng6 17. Nc2 0-0 18. g3 f6 19. exf6 gxf6 20. Re2 e5 21. Bxc5 bxc5 22. Nfe1 e4 23. Qd1 f5 24. Rd2 Nce7 25. Ne3 Rfd8 26. Qb3 Rb8 27. Qa3 Qc6 28. b3 f4 29. N3g2 fxg3 30. fxg3 Qb6 31. Kh1 Rf8 32. Nc2 Ne5 33. Nf4 Nf3 34. Rdd1 Qh6 35. h4 Rxf4 36. gxf4 Qxh4+ 37. Kg2 Qh2+ 38. Kf1 Qg1+ 39. Ke2 Qg2+ 40. Ke3 Nf5# 0-1